Vybrané nástroje podpory financovania inovatívnych malých a stredných podnikov

Aktuálna úroveň využívania vybraných nástrojov podpory financovania v slovenských malých a stredných podnikoch. Možnosti, ktoré by mohli viesť k intenzívnejšej podpore prístupu inovatívnych malých a stredných podnikov k vhodným zdrojom kapitálu.

Enregistré dans:
Détails bibliographiques
Auteur principal: Vinczeová, Miroslava
Format: Chapitre de livre
Langue:slovaque
Sujets:
Tags: Ajouter un tag
Pas de tags, Soyez le premier à ajouter un tag!

MARC

LEADER 00000nla a2200000 4500
001 0212069
005 20240417075104.0
041 0 |a slo 
044 |a SK 
245 1 0 |a Vybrané nástroje podpory financovania inovatívnych malých a stredných podnikov  |c Miroslava Vinczeová 
520 |a Aktuálna úroveň využívania vybraných nástrojov podpory financovania v slovenských malých a stredných podnikoch. Možnosti, ktoré by mohli viesť k intenzívnejšej podpore prístupu inovatívnych malých a stredných podnikov k vhodným zdrojom kapitálu. 
610 2 0 |a podnik malý 
610 2 0 |a podnik stredný 
610 2 0 |a formy financovania 
610 2 0 |a podpora podnikania 
610 2 0 |a kapitál 
610 2 0 |a investície 
610 2 0 |a inovácia 
610 2 0 |a konkurencieschopnosť 
100 1 |a Vinczeová, Miroslava